Ekopolis - přemýšlíme o městě [trojrozmerný objekt]

Salvato in:
Dettagli Bibliografici
Natura: Libro
Lingua:ceco
Pubblicazione: Praha : www.scio.cz, s.r.o., 2009
Soggetti:
Accesso online:http://www.ekopolis.cz/hmenu/o-projektu.aspx
Tags: Aggiungi Tag
Nessun Tag, puoi essere il primo ad aggiungerne!!

MARC

LEADER 00000nam a22000003a 4500
001 0074548
003 SK-STU
005 20190712165257.4
007 ta
008 190712s ----xo-----e------000-0-----d
040 |a STU  |b slo 
041 0 |a cze 
245 1 0 |a Ekopolis  |b  - přemýšlíme o městě [trojrozmerný objekt] 
260 |a Praha :  |b www.scio.cz, s.r.o.,  |c 2009 
300 |b 48 hracích stavieb 
650 0 7 |a spoločenské hry 
856 4 0 |u http://www.ekopolis.cz/hmenu/o-projektu.aspx 
996 |b I24KN000092  |c I*HRY021/19  |l II680  |s P  |a 0  |w 0074548_0001